| 000 | 01225cab a22002055a 4500 | ||
|---|---|---|---|
| 001 | L145561 | ||
| 008 | 081021s2008 xxk f v 000 0 eng d | ||
| 035 | _a(Sirsi) u145561 | ||
| 041 | 0 | _aeng | |
| 110 | 2 |
_aCommercial Leases _95493 |
|
| 245 | 0 | 0 | _aLeonora Investment Company Ltd v Mott McDonald [2008] EWCA Civ 857 |
| 260 | _c2008 | ||
| 490 | 0 |
_aCommercial Leases _vSeptember 2008, 1372-1373(2) |
|
| 520 | _aDiscusses the important case of Leonora Investment Company Ltd v Mott McDonald [2008] EWCA Civ 857, 23 July 2008, in some detail (see L145457). The case turned on whether a commercial landlord could claim the cost of improvement works as a service charge where there had been a failure to comply with the procedure set out in the service charge clause in the lease. The appeal was dismissed. The case is a timely reminder to landlords that they must follow all procedural requirements strictly in recovering service charges in the lease, otherwise recovery may not be possible. | ||
| 590 | _aKA | ||
| 650 | 2 | 4 | _aLEONORA V MOTT MACDONALD |
| 651 | 4 |
_aEngland and Wales _y1543- |
|
| 690 | _aPROPERTY-COMMERCIAL PROPERTY-LEASEHOLD COMMERCIAL PROPERTY-COMMERCIAL LANDLORD AND TENANT-COMMERCIAL LEASES | ||
| 942 | _n0 | ||
| 999 |
_c80875 _d80875 |
||